00834nam a22002537a 4500003000500000005001700005008004100022010001000063011001000073035001000083040000900093082002200102100003400124245005700158250001000215260005200225300002200277490005500299650005000354650004100404650003700445650004300482830005500525CHAP20220817041428.0971013s1979 r 00010 d a14208 a15180 a19255 cCHAP a338.1735bG6 197900aGonzález Navarro, Moisés. aRaza y Tierrab: la guerra de castas y el henequén a2 ed. aMéxico, D.F. :bEl Colegio de México,c1979 a392 p.b: apénd aCentro de Estudios Históricos. Nueva seriev; 1014aHenequénxAspectos económicosxYucatán.14aYucatánxCondiciones económicas.14aYucatánxCondiciones sociales.14aYucatánxHistoriaxGuerra de Castas.0 aCentro de Estudios Históricos. Nueva seriev; 10